[Event "Narbonne op 10th"]
[Site "Narbonne"]
[Date "2008.??.??"]
[Round "5"]
[White "Llacer, Cassandra"]
[Black "Bellotti, Charlotte"]
[Result "1/2-1/2"]
[WhiteElo "1780"]
[BlackElo "1890"]
[PlyCount "78"]
[EventDate "2008.05.08"]
[EventType "swiss"]
[EventRounds "7"]
[EventCountry "FRA"]
[SourceTitle "CBM 124 Extra"]
[Source "ChessBase"]
[SourceDate "2008.07.03"]
[SourceVersion "1"]
[SourceVersionDate "2008.07.03"]
[SourceQuality "1"]

1. e4 c5 2. Nc3 Nc6 3. g3 g6 4. Bg2 Bg7 5. d3 Nf6 6. Be3 d6 7. h3 0-0 8. Qd2 Re8 9. f4 e6 10. Nf3 a6 11. a4 b6 12. Bf2 d5 13. e5 Nd7 14. 0-0 Bb7 15. d4 Rc8 16. Rfe1 Qe7 17. g4 Bh6 18. Bh4 Qf8 19. Ne2 cxd4 20. Nexd4 Nxd4 21. Nxd4 Nc5 22. Ne2 Rc7 23. Nc3 Rec8 24. Bf2 Bc6 25. Rec1 Qe8 26. a5 Bb7 27. axb6 Rc6 28. b4 Nd7 29. Nxd5 Rc4 30. Ne3 Bxg2 31. Nxc4 Rxc4 32. Kxg2 Qa8+ 33. Kg1 Nxe5 34. b7 Nf3+ 35. Kh1 Qxb7 36. Qd8+ Kg7 37. Qb6 Qe4 38. Qe3 Qc6 39. Qb6 Qe4 1/2-1/2

[Event "FRA-ch U14 Girls"]
[Site "Le Grand Bornand"]
[Date "2007.04.??"]
[Round "1"]
[White "Llacer, Cassandra"]
[Black "Generet, Elise"]
[Result "1-0"]
[WhiteElo "1660"]
[BlackElo "1330"]
[PlyCount "57"]
[EventDate "2007.04.07"]
[EventType "swiss"]
[EventRounds "9"]
[EventCountry "FRA"]
[SourceTitle "CBM 118 Extra"]
[Source "ChessBase"]
[SourceDate "2007.07.04"]
[SourceVersion "1"]
[SourceVersionDate "2007.07.04"]
[SourceQuality "1"]

1. e4 e5 2. Bc4 Bc5 3. Nc3 Nf6 4. d3 Nc6 5. f4 d6 6. Na4 Bb6 7. Nxb6 axb6 8. Nf3 exf4 9. Bxf4 Be6 10. Bb3 0-0 11. 0-0 Ng4 12. Bxe6 fxe6 13. Ng5 e5 14. Qxg4 Rxf4 15. Qe6+ Kh8 16. Nf7+ Rxf7 17. Qxf7 Ne7 18. a3 Ng8 19. Rf3 Nf6 20. Rg3 Qf8 21. Qxc7 Rc8 22. Qxb6 Rxc2 23. Qxb7 Qg8 24. Rf1 Qf8 25. Rh3 Rd2 26. b4 Qd8 27. Rxf6 Rd1+ 28. Rf1 Rd2 29. Rhf3 1-0

[Event "FRA-ch U14 Girls"]
[Site "Le Grand Bornand"]
[Date "2007.04.??"]
[Round "4"]
[White "Vernerey, Lea"]
[Black "Llacer, Cassandra"]
[Result "0-1"]
[WhiteElo "1530"]
[BlackElo "1660"]
[PlyCount "52"]
[EventDate "2007.04.07"]
[EventType "swiss"]
[EventRounds "9"]
[EventCountry "FRA"]
[SourceTitle "CBM 118 Extra"]
[Source "ChessBase"]
[SourceDate "2007.07.04"]
[SourceVersion "1"]
[SourceVersionDate "2007.07.04"]
[SourceQuality "1"]

1. d4 d5 2. Nf3 Nc6 3. e3 Bg4 4. Bd3 e6 5. Nbd2 Bd6 6. 0-0 Nf6 7. a3 0-0 8. c4 e5 9. cxd5 Nxd5 10. Nb3 exd4 11. exd4 Re8 12. Bxh7+ Kxh7 13. Ng5+ Qxg5 14. Bxg5 Bxd1 15. Raxd1 f6 16. Bd2 Rad8 17. Rfe1 Bf4 18. Bxf4 Nxf4 19. Rxe8 Rxe8 20. h3 Re2 21. d5 Ne5 22. d6 cxd6 23. Rxd6 Nfd3 24. f3 Rxb2 25. Nd4 Nc4 26. Ne6 Nxd6 0-1